=LDR 00000nam 2200000 4500 =001 NUTBA000000000003114 =005 20140722105540.0 =006 =007 =008 =035 ##$$a 0010-071400000000302 =040 ##$$a NBPDMAT =082 ##$$a 332.4 =090 ##$$a 332.4 $b Ach u =100 ##$$a Achmad Buchori =245 ##$$a Utang / $c oleh Achmad Buchrori, Penyunting Tatas Prityani =260 ##$$a Surakarta : $b Putra Nugraha, $c 2008 =300 ##$$a iv, 48 hlm. : $b ilus. ; $c 25 cm. =650 ##$$a Utang =990 ##$$a 21406595